| 000 | 01143nam a2200313Ia 4500 | ||
|---|---|---|---|
| 001 | dia_6344 | ||
| 003 | CHAP | ||
| 005 | 20240208135714.0 | ||
| 008 | 220117s1995 xx 000 0 und d | ||
| 010 | _a177824 | ||
| 040 | _cCHAP | ||
| 082 | _a530.812 T39 1995 | ||
| 100 |
_aTaylor, Barry N. _9162299 |
||
| 245 |
_aGuide for the use of the International System of Units (SI) / _c Barry N. Taylor |
||
| 250 | _a1995 ed. | ||
| 260 |
_aEstados Unidos de América : _b U.S. Dept. of Commerce. Technology Administration. National Institute of Standards and Technology, _c1995 |
||
| 300 | _ax, 74 p. | ||
| 440 |
_aNIST special publication ; 811 _9162300 |
||
| 500 | _a"Supersedes NIST special publication 811, September 1991." | ||
| 504 | _aBibliografía: p. 72-74 | ||
| 590 | _aQC91 T39 1995 | ||
| 650 |
_aMetric system _xHandbooks, manuals, etc. _9162301 |
||
| 650 |
_aSistema métrico _xManuales _9162302 |
||
| 710 |
_aNational Institute of Standards and Technology (U.S.) _9162303 |
||
| 901 | _a530.812 T39 1995 | ||
| 902 | _aA | ||
| 905 | _a5232271995 -usn 8225223322eng16 | ||
| 942 |
_cLIBRO _2ddc |
||
| 999 |
_c177824 _d177824 |
||